<?xml version="1.0" encoding="UTF-8"?>
<record
    xmlns:xsi="http://www.w3.org/2001/XMLSchema-instance"
    xsi:schemaLocation="http://www.loc.gov/MARC21/slim http://www.loc.gov/standards/marcxml/schema/MARC21slim.xsd"
    xmlns="http://www.loc.gov/MARC21/slim">

  <leader>01090nam a22002417a 4500</leader>
  <controlfield tag="005">20231128153747.0</controlfield>
  <controlfield tag="008">231127b           ||||| |||| 00| 0 eng d</controlfield>
  <datafield tag="020" ind1=" " ind2=" ">
    <subfield code="a">9789383765966</subfield>
  </datafield>
  <datafield tag="040" ind1=" " ind2=" ">
    <subfield code="c">AL</subfield>
  </datafield>
  <datafield tag="041" ind1=" " ind2=" ">
    <subfield code="a">kan</subfield>
  </datafield>
  <datafield tag="082" ind1=" " ind2=" ">
    <subfield code="2">23</subfield>
    <subfield code="a">K494.9</subfield>
    <subfield code="b">PADK</subfield>
  </datafield>
  <datafield tag="100" ind1=" " ind2=" ">
    <subfield code="a">K Padmanabha Kekunnaya: &#xC95;&#xCC6; &#xCAA;&#xCA6;&#xCCD;&#xCAE;&#xCA8;&#xCBE;&#xCAD; &#xC95;&#xCC7;&#xC95;&#xCC1;&#xCA3;&#xCCD;&#xCA3;&#xCBE;&#xCAF; </subfield>
    <subfield code="9">143671</subfield>
  </datafield>
  <datafield tag="245" ind1=" " ind2=" ">
    <subfield code="a">Karavaliya Bhashanusandhana: </subfield>
    <subfield code="b">&#xC95;&#xCB0;&#xCBE;&#xCB5;&#xCB3;&#xCBF;&#xCAF; &#xCAD;&#xCBE;&#xCB7;&#xCBE;&#xCA8;&#xCC1;&#xCB8;&#xC82;&#xCA7;&#xCBE;&#xCA8; </subfield>
  </datafield>
  <datafield tag="260" ind1=" " ind2=" ">
    <subfield code="a">Mangaluru</subfield>
    <subfield code="b">Prasaranaga Mangaluru Vishwavidyalaya</subfield>
    <subfield code="c">2015</subfield>
  </datafield>
  <datafield tag="300" ind1=" " ind2=" ">
    <subfield code="a">xi,210p.</subfield>
    <subfield code="b">PB </subfield>
    <subfield code="c">21x14cm.</subfield>
  </datafield>
  <datafield tag="365" ind1=" " ind2=" ">
    <subfield code="2">Kannada </subfield>
    <subfield code="a">63-65</subfield>
    <subfield code="b">100.00</subfield>
    <subfield code="c">&#x20B9;</subfield>
    <subfield code="d">200.00</subfield>
    <subfield code="e">50%</subfield>
    <subfield code="f">23-11-2023</subfield>
  </datafield>
  <datafield tag="650" ind1=" " ind2=" ">
    <subfield code="a">Tulubhashe Sahitya: &#xCA4;&#xCC1;&#xCB3;&#xCC1;&#xCAD;&#xCBE;&#xCB7;&#xCC6; &#xCB8;&#xCBE;&#xCB9;&#xCBF;&#xCA4;&#xCCD;&#xCAF; </subfield>
    <subfield code="9">143542</subfield>
  </datafield>
  <datafield tag="650" ind1=" " ind2=" ">
    <subfield code="a">Shivalli Tulu: &#xCB6;&#xCBF;&#xCB5;&#xCB3;&#xCCD;&#xCB3;&#xCBF; &#xCA4;&#xCC1;&#xCB3;&#xCC1; </subfield>
    <subfield code="9">143543</subfield>
  </datafield>
  <datafield tag="650" ind1=" " ind2=" ">
    <subfield code="a">Tuluvina Balabhashe: &#xCA4;&#xCC1;&#xCB3;&#xCC1;&#xCB5;&#xCBF;&#xCA8; &#xCAC;&#xCBE;&#xCB2;&#xCAD;&#xCBE;&#xCB7;&#xCC6; </subfield>
    <subfield code="9">143544</subfield>
  </datafield>
  <datafield tag="650" ind1=" " ind2=" ">
    <subfield code="a">Mudrana Kale: &#xCAE;&#xCC1;&#xCA6;&#xCCD;&#xCB0;&#xCA3; &#xC95;&#xCB2;&#xCC6; </subfield>
    <subfield code="9">143562</subfield>
  </datafield>
  <datafield tag="700" ind1=" " ind2=" ">
    <subfield code="a">KEKUNNAYA (K Padmanabha): &#xC95;&#xCC7;&#xC95;&#xCC1;&#xCA3;&#xCCD;&#xCA3;&#xCBE;&#xCAF; (&#xC95;&#xCC6; &#xCAA;&#xCA6;&#xCCD;&#xCAE;&#xCA8;&#xCBE;&#xCAD;)</subfield>
    <subfield code="9">143545</subfield>
  </datafield>
  <datafield tag="942" ind1=" " ind2=" ">
    <subfield code="2">ddc</subfield>
    <subfield code="c">BK</subfield>
  </datafield>
  <datafield tag="999" ind1=" " ind2=" ">
    <subfield code="c">229321</subfield>
    <subfield code="d">229321</subfield>
  </datafield>
  <datafield tag="952" ind1=" " ind2=" ">
    <subfield code="0">0</subfield>
    <subfield code="1">0</subfield>
    <subfield code="2">ddc</subfield>
    <subfield code="4">0</subfield>
    <subfield code="7">0</subfield>
    <subfield code="8">KAN</subfield>
    <subfield code="a">AL</subfield>
    <subfield code="b">AL</subfield>
    <subfield code="d">2023-11-24</subfield>
    <subfield code="e">Prasaranga Mangalore University</subfield>
    <subfield code="g">100.00</subfield>
    <subfield code="l">0</subfield>
    <subfield code="o">K494.9 PADK</subfield>
    <subfield code="p">076948</subfield>
    <subfield code="r">2023-11-27 00:00:00</subfield>
    <subfield code="v">200.00</subfield>
    <subfield code="w">2023-11-27</subfield>
    <subfield code="y">BK</subfield>
  </datafield>
</record>
